000 00601nam a2200217 a 4500
001 BRCA_6286
005 20190320205411.0
008 030811s1900----fr-a######---#000-0#fre-#
041 _afre
044 _afr
050 4 _aPQ2273
_b.F35
100 1 _aHalevy, Ludovic
_d1834-1908
_915767
245 1 0 _aLa famille Cardinal
_cLudovic Halevy; ill. de Albert Guillaume.
260 _aParís
_bCalmann - Levy
_c[1900]
300 _a92 p.
_bil.
_c24 cm.
500 _aEstado físico: Encuadernación desprendida
500 _aK145
650 1 4 _aLiteratura Alemana
_96160
902 _aGFM
942 _2lcc
_cB
999 _c5973
_d5973